MEMORIAS DE GARCIA NARANJO

PANORAMAS DE LA INFANCIA VISTOS DESDE LA VEJEZ

Tallennettuna:
Bibliografiset tiedot
Päätekijä: García Naranjo, Nemesio (autor)
Aineistotyyppi: Kirja
Tagit: Lisää tagi
Ei tageja, Lisää ensimmäinen tagi!

MARC

LEADER 00000nam^a2200000^a^4500
001 000204703
005 20250521000000.0
009 20260310103052.652
035 |a 025235 
037 |a Acervo Xavier Clavigero 
082 |a 939.  |b GAR 
100 |a García Naranjo, Nemesio  |e (autor) 
245 1 0 |a MEMORIAS DE GARCIA NARANJO 
264 |a MEXICO :  |b TALLERES DE "EL PORVENIR" 
336 |a texto  |b txt  |2 rdacontenido 
337 |a sin mediación  |b n  |2 rdamedio 
338 |a volumen  |b nc  |2 rdasoporte 
520 |a PANORAMAS DE LA INFANCIA VISTOS DESDE LA VEJEZ 
649 |a XX 
910 |a Fondo General 
920 |a Impresos - Libros 
930 |a Colección General 
905 |a 101 
901 |a 025235  |b IT1  |c ACC  |i 025235  |u 20250521 
901 |a 025232  |b IT1  |c ACC  |i 025232  |u 20250521 
901 |a 025236  |b IT1  |c ACC  |i 025236  |u 20250521 
901 |a 025233  |b IT1  |c ACC  |i 025233  |u 20250521 
901 |a 025237  |b IT1  |c ACC  |i 025237  |u 20250521 
901 |a 025234  |b IT1  |c ACC  |i 025234  |u 20250521 
901 |a 025238  |b IT1  |c ACC  |i 025238  |u 20250521 
901 |a 025239  |b IT1  |c ACC  |i 025239  |u 20250521 
901 |a 025240  |b IT1  |c ACC  |i 025240  |u 20250521 
901 |a 025241  |b IT1  |c ACC  |i 025241  |u 20250521 
901 |a 025230  |b IT1  |c ACC  |i 025230  |u 20250521 
901 |a 025231  |b IT1  |c ACC  |i 025231  |u 20250521 
902 |a https://opac.biblio.iteso.mx/vufind/Record/000204703